The A14 - Statistics

General Stats
  • This quiz has been taken 13 times
  • The average score is 7 of 9
Answer Stats
Hint Answer % Correct
C Cambridge
91%
N Newmarket
91%
B S E Bury Saint Edmunds
82%
H Huntingdon
82%
I Ipswich
82%
K Kettering
82%
F Felixstowe
73%
S Stowmarket
73%
N M Needham Market
45%
No matching quizzes found
Score Distribution
Percent of People with Each Score
Percentile by Number Answered
Your Score History
You have not taken this quiz